LEADER 01390nam a2200289 i 4500 001 000000243595 003 CaOOAMICUS 005 20200715174948.0 008 150710s1853 xx u000 u fre u 013 $a222500 040 $aSeMil$bita 100 1 $aBarthe, Édouard.$0(OLS)http://semarc/name/82220 245 10$aLitanies de la Très-Sainte Vierge :$bmonument a la gloire de Marie : illustrées, accompagnées de méditations /$cpar M. l'abbé Édouard Barthe. 250 $aNouvelle édition. 260 $aParis :$bLibrairie catholique de P.-J. Camus,$c1853. 300 $a248 p., [58] carte di tav. :$bill. ;$c23 cm. 500 $aNota ms. di possesso autografa di A. Ratti (Pio XI) in prel. 650 4$aMadonna - Culto.$0(OLS)http://semarc/subject/1204 650 4$aMadonna - Meditazioni.$0(OLS)http://semarc/subject/920 650 4$aLitanie - Maria .$0(OLS)http://semarc/subject/9022 850 $aSeMil 852 $aSeMil$W1$xVenegono$y1$m2L V 14 FA/RATTI$j193941$B193941$CSeMilBibl$Z2$F204617 $8B 941 1 $a11 961 $aRecupero: Ratti, Achille (Pio XI) 996 $6245$aLitanies de la Très-Sainte Vierge :$bmonument a la gloire de Marie : illustrées, accompagnées de méditations$9(OLS)http://semarc/title/345459 996 $6260$aParis :$bLibrairie catholique de P.-J. Camus$9(OLS)http://semarc/publisher/54815 LEADER 01801nam a2200289 i 4500 001 000000090712 003 CaOOAMICUS 005 20230424113228.0 008 160203s1640 it u000 u ita u 026 $aiaia ledi ,ela Giad (3) 1640 (A) 040 $aSeMil$bita 100 1 $aDe Franchi, Diego.$0(OLS)http://semarc/name/40704 245 10$aHistoria del patriarcha S. Giovangualberto primo abbate & institutore del monastico Ordine di Vallombrosa scritta da d. Diego de Franchi abbate di Ripoli del medesimo Ordine. 246 0 $iTitolo dell'occhietto$aHistoria di San Giovangualberto divisa in 12. libri 264 1$aIn Fiorenza :$bAppresso Gio: Batista Landini,$c1640$e(In Firenze :$fnella stamperia Landinea : per Giouanbattista di Santi di Antonio di Simone di Domenico di Piero di Stefano di Piero di Landino Landini,$g1640) 300 $a[28], 527, [17] p., [1] carta di tav. :$bfront. calcogr. ;$c 4º. 500 $aIniz., fregi xilogr. 500 $aSegn.: §-2§? 3§? A-3Y? 500 $aStemma dei Medici sul front. 650 4$aGiovanni : Gualberto .$0(OLS)http://semarc/subject/10966 700 1 $aLandini, Giovanni Battista,$c.$0(OLS)http://semarc/name/40705 850 $aSeMil 852 $aSeMil$W1$xVenegono$y1$m3J IV 74 FA$j53679$B53679$CSeMilBibl$Z2$F58313 $8I 996 $6246$aHistoria di San Giovangualberto divisa in 12. libri$9(OLS)http://semarc/title/136720 996 $6245$aHistoria del patriarcha S. Giovangualberto primo abbate & institutore del monastico Ordine di Vallombrosa scritta da d. Diego de Franchi abbate di Ripoli del medesimo Ordine$9(OLS)http://semarc/title/136719 996 $6264$aIn Fiorenza :$bAppresso Gio: Batista Landini$9(OLS)http://semarc/publisher/43647